Southville International School and Colleges
Your cart is empty.
  • Cart
  • Lists
    Public lists list_1 View all
    Your lists Log in to create your own lists
  • Log in to your account
  • Your cookies
  • Search history
Southville International School and Colleges
  • Advanced search
  • Recent comments
  • Most popular
  • Libraries

Log in to your account

Log in with GOOGLE


If you do not have an external account, but do have a local account, you can still log in:

  1. Home
  2. MARC view: Science crosswords and other puzzles physics /
Normal view MARC view ISBD view

Science crosswords and other puzzles physics / (Record no. 6482)

[ view plain ]
MARC details
000 -LEADER
fixed length control field 00477nam a22001817a 4500
003 - CONTROL NUMBER IDENTIFIER
control field OSt
005 - DATE AND TIME OF LATEST TRANSACTION
control field 20140310181910.0
008 - FIXED-LENGTH DATA ELEMENTS--GENERAL INFORMATION
fixed length control field 130712t xxu||||| |||| 00| 0 eng d
020 ## - INTERNATIONAL STANDARD BOOK NUMBER
International Standard Book Number 9770119583008
050 ## - LIBRARY OF CONGRESS CALL NUMBER
Classification number GV 1507
Item number .Sc416 1999
082 ## - DEWEY DECIMAL CLASSIFICATION NUMBER
Classification number FIL 793.73
Item number Sc1 1999
245 ## - TITLE STATEMENT
Title Science crosswords and other puzzles physics /
260 ## - PUBLICATION, DISTRIBUTION, ETC. (IMPRINT)
Place of publication, distribution, etc Makati City :
Name of publisher, distributor, etc Belgosa Media systems,
Date of publication, distribution, etc 1999.
300 ## - PHYSICAL DESCRIPTION
Extent 48 p.
Dimensions 23 cm.
562 ## - COPY AND VERSION IDENTIFICATION NOTE
Number of copies 1
942 ## - ADDED ENTRY ELEMENTS (KOHA)
Source of classification or shelving scheme Library of Congress Classification
Koha item type Books
Holdings
Withdrawn status Lost status Source of classification or shelving scheme Damaged status Home library Current library Shelving location Date acquired Total Checkouts Full call number Barcode Date last seen Copy number Price effective from Koha item type
    Library of Congress Classification   Luxembourg Library Luxembourg Library Filipiniana Section 07/12/2013   GV 1507 .Sc416 1999 vol.5 8458 08/13/2013 1 07/12/2013 Books

Science crosswords and other puzzles physics /

APA

(1999). Science crosswords and other puzzles physics. Makati City: Belgosa Media systems.

Chicago

1999. Science crosswords and other puzzles physics. Makati City: Belgosa Media systems.

Harvard

(1999). Science crosswords and other puzzles physics. Makati City: Belgosa Media systems.

MLA

Science crosswords and other puzzles physics. Makati City: Belgosa Media systems. 1999.

  • Place hold
  • Print
  • Cite
  • Add to your cart (remove)
  • Save record
    BIBTEX Dublin Core MARCXML MARC (non-Unicode/MARC-8) MARC (Unicode/UTF-8) MARC (Unicode/UTF-8, Standard) MODS (XML) RIS
  • More searches
    Search for this title in:
    Other Libraries (WorldCat) Other Databases (Google Scholar) Online Stores (Bookfinder.com) Open Library (openlibrary.org)

Exporting to Dublin Core...

SOUTHVILLE LIBRARY

Southville International School and Colleges Library

1281 Tropical Ave. Cor. Luxembourg St., BF Homes International, Las Pinas City

Tel. No. 8256374 / 252358 Loc. 117/146

Powered by Koha